01068nam a2200205Ia 4500999001500000008005200015082001700067100002100084245007800105250000800183260004200191300001700233440002900250504038100279650002000660650001500680650002700695942000700722952013300729 c7097d7097200103s 1962 ||||xx |||||||||||||| ||und|| a620.106bGIL aGiles, Ranald V. 0aSchaum's outline of theory and problems of fluid mechanics and hydraulics a2nd bSchaum Publishing Co.c1962aNew York a274 p.: ill. a Schaum's outline series aTable of Contents Properties of fluids Fluid statics Hydrostatic force on surfaces Buoyancy and flotation Translation and rotation of liquid masses Dimensional analysis and hydraulic similitude Fundamentals of fluid flow Flow in closed conduits complex pipeline systems Flow in open channels Flow of compressible fluids Forces developed by moving fluids Fluid machinery Index aFluid mechanics aHydraulics aBuoyancy and flotation cBK 00102ddc406620_106000000000000_GIL708NFIC98125aMUbMUcGENd2020-01-08o620.106 GILpMPC1405r2025-03-17yBKzColumn - 27